Bassist by Band - Statistics

General Stats
  • This quiz has been taken 116 times
  • The average score is 5 of 15
Answer Stats
Difficulty Hint Answer % Correct
Easy The Beatles Paul McCartney
96%
Easy Led Zeppelin John Paul Jones
74%
Medium Rush Geddy Lee
55%
Easy Pink Floyd Roger Waters
53%
Easy Nirvana Krist Novoselic
50%
Easy Green Day Mike Dirnt
47%
Easy Guns N' Roses Duff McKagan
41%
Easy The Who John Entwistle
40%
Medium The Jimi Hendrix Experience Noel Redding
17%
Medium Foo Fighters Nate Mendel
16%
Medium AC/DC Cliff Williams
11%
Hard Stevie Ray Vaughan and Double Trouble Tommy Shannon
4%
Medium Tom Petty and the Heartbreakers [Original] Ron Blair
2%
Hard Phoenix Deck D'Arcy
1%
Hard John Mayall & the Bluesbreakers Greg Rzab
1%
No matching quizzes found
Score Distribution
Percent of People with Each Score
Percentile by Number Answered
Your Score History
You have not taken this quiz